000 00583nam a2200229Ia 4500
003 OSt
005 20220918205645.0
006 a|||||r|||| 00| 0
007 ta
008 220917b |||||||| |||| 00| 0 eng d
024 _a117,411
037 _cTextual
040 _aARTS
_cARTS
_beng
041 _2eng
_aeng
082 _aV72;1:N3, J3
100 _aLebourdais D M
_9115737
245 0 _aNation of the North, Canada since confederation
260 _c1953
650 _aHISTORY
942 _hV72;1:N3, J3
_cTEXL
_2CC
999 _c240693
_d240693